[Event "TUR-ch op"]
[Site "Antalya"]
[Date "2008.02.06"]
[Round "5.58"]
[White "Bursali, Ismail"]
[Black "Pekol, Erdem"]
[Result "0-1"]
[WhiteElo "1553"]
[BlackElo "1849"]
[PlyCount "130"]
[EventDate "2008.02.04"]
[EventType "swiss"]
[EventRounds "11"]
[EventCountry "TUR"]
[SourceTitle "CBM 122 Extra"]
[Source "ChessBase"]
[SourceDate "2008.03.04"]
[SourceVersion "1"]
[SourceVersionDate "2008.03.04"]
[SourceQuality "1"]

1. d4 d5 2. Nf3 Nf6 3. c4 e6 4. Nc3 Be7 5. e3 0-0 6. a3 Nbd7 7. Bd3 b6 8. Qc2 h6 9. 0-0 Bb7 10. cxd5 Nxd5 11. Nxd5 Bxd5 12. e4 Bb7 13. Bd2 c5 14. Bc3 Rc8 15. Rfe1 cxd4 16. Nxd4 Bf6 17. Qe2 Nc5 18. e5 Qd5 19. Nf3 Qxd3 20. exf6 Qxe2 21. Rxe2 Bxf3 22. gxf3 g6 23. Rd1 Rfd8 24. Red2 Nb7 25. Bb4 g5 26. Kg2 a5 27. Be7 Rxd2 28. Rxd2 Kh7 29. Rd7 Nc5 30. Rd8 Rxd8 31. Bxd8 Na4 32. b3 Nc5 33. b4 axb4 34. axb4 Nd7 35. b5 Kg6 36. Kg3 Kf5 37. h4 e5 38. h5 Ke6 39. Kg4 Kd5 40. Kf5 Kc5 41. Bc7 Kxb5 42. Ke4 Kc6 43. Bd8 Kd6 44. Be7+ Ke6 45. Kd3 Nxf6 46. Bf8 Nxh5 47. Bxh6 Nf4+ 48. Kc4 Kf5 49. Kb5 Nd3 50. Kxb6 Nxf2 51. Kc5 Nd3+ 52. Kc4 Ne1 53. Kc3 Nxf3 54. Kd3 e4+ 55. Ke3 Ne5 56. Bf8 Ng4+ 57. Ke2 Kf4 58. Bd6+ Ne5 59. Kf2 g4 60. Kg2 e3 61. Kf1 f5 62. Ke2 Ke4 63. Kf1 f4 64. Kg2 f3+ 65. Kf1 e2+ 0-1

[Event "TUR-ch op"]
[Site "Antalya"]
[Date "2008.02.04"]
[Round "1.1"]
[White "Haznedaroglu, Kivanc"]
[Black "Pekol, Erdem"]
[Result "1-0"]
[WhiteElo "2459"]
[BlackElo "1849"]
[PlyCount "37"]
[EventDate "2008.02.04"]
[EventType "swiss"]
[EventRounds "11"]
[EventCountry "TUR"]
[SourceTitle "CBM 122 Extra"]
[Source "ChessBase"]
[SourceDate "2008.03.04"]
[SourceVersion "1"]
[SourceVersionDate "2008.03.04"]
[SourceQuality "1"]

1. e4 c6 2. d4 d5 3. Nd2 dxe4 4. Nxe4 Bf5 5. Ng3 Bg6 6. h4 h6 7. Nh3 Nf6 8. Nf4 Bh7 9. Bc4 e6 10. Qe2 Nd5 11. Bd2 Nxf4 12. Bxf4 Nd7 13. 0-0-0 Qa5 14. d5 cxd5 15. Rxd5 Qb6 16. Bb5 0-0-0 17. Qc4+ Nc5 18. Rxd8+ Qxd8 19. Rd1 1-0